| 000 | 00355nam a22001577a 4500 | ||
|---|---|---|---|
| 003 | SGT | ||
| 020 | _a978-1-350-1628-3 | ||
| 082 |
_a746 _bRUS |
||
| 100 | _aRUSSELL, ALEX | ||
| 245 | _aTHE FUNDAMENTALS OF PRINTED TEXTILE DESIGN | ||
| 250 | _a2ND | ||
| 260 |
_aU.K. _bBLOOMSHURY _c2022 |
||
| 300 | _a198 | ||
| 650 | _aTEXTILE DESIGN | ||
| 942 |
_2ddc _cBK |
||
| 999 |
_c25828 _d25828 |
||